000
00250nam a22001217a 4500
020
_a
9789388462587
082
_a
510
_b
OSW/M
245
_a
QUESTION BANK
260
_a
AGRA
_b
OSWAAL BOOKS
300
_a
296
650
_a
QUESTION BANK
_z
AGRA
942
_c
BK
999
_c
6872
_d
6872